Responses for show #2187 - Tuesday, February 22, 1994

1994 Teen Tournament semifinal game 2.

Contestants

[<< previous game]

E.J. Sieracki, a senior from Canton, Michigan

Matt Morris, a senior from Louisville, Kentucky

Gerry Tansey, a junior from Florissant, Missouri

[next game >>]

Jeopardy! Round responses

ROYALTY
STAR TREK: DS9
MUSEUMS
PREHISTORIC TIMES
FASHION
VOCABULARY
    $100 1
(E.J.: Who is Cleopatra?)

Nefertiti

GerryE.J.
    $100 22
Quark

E.J.
    $100 11
London

Matt
    $100 6
Africa

E.J.
    $100 26
bell-bottoms

Gerry
    $100 16
stub

Matt
    $200 2
Henry VIII

E.J.
    $200 23
24th

E.J.
    $200 12
Metropolitan

Gerry
    $200 7
amphibians

Gerry
    $200 27
shoes

E.J.
    $200 17
oral

Matt
    $300 3
Juan Carlos

Gerry
    $300 21
wormhole

E.J.
    $300 13
Prado

Gerry
    $300 8
cave paintings

Gerry
    $300 28
toga

Gerry
    $300 18
radiation

Gerry
    $400 4
(E.J.: What is Belgium?)

Netherlands

GerryE.J.
    $400 24
Odo

E.J.
    $400 14
Antarctica

Matt
    $400 9
writing

Matt
    $400 29
mortarboard

E.J.
    $400 19
lupine

Matt
    $500 5
Alexandra

Matt
    $500 25
[Applause for E.J. running the category]

Dax

E.J.
    $500 15
San José

Gerry
    $500 10
Neanderthals

Gerry
    $500 30
Guess

E.J.
    $1,000 20
(Matt: What is an android?)

automaton

Matt

Scores at the first commercial break (after clue 15):

Gerry Matt E.J.
$2,800 $1,400 -$200

Scores at the end of the Jeopardy! Round:

Gerry Matt E.J.
$3,500 $1,100 $2,400

Double Jeopardy! Round responses

STATE CAPITALS
COOKING
NOTABLE NAMES
BIOLOGY
YOUTH ORGANIZATIONS
SHAKESPEARE
    $200 4
Boston

E.J.
    $200 8
open-faced

Gerry
    $200 24
Betsy Ross

Matt
    $200 9
diaphragm

Matt
    $200 30
YMCA

Matt
    $200 22
Macbeth

Matt
    $400 5
Springfield

E.J.
    $400 6
gazpacho

E.J.
    $400 13
Duke of Wellington

Matt
    $400 14
deciduous

Matt
    $400 29
4-leaf clover

Gerry
    $400 21
Hamlet

Gerry
    $600 1
(Gerry: What is Boise?)
(Matt: What is Pierre?)

Topeka

GerryMatt
Triple Stumper
    $600 7
(E.J.: What is oil?)
(Gerry: What is wine?)

vinegar

GerryE.J.
Triple Stumper
    $600 10
Dante

Gerry
    $600 15
eyelid

Gerry
    $600 23
ROTC

E.J.
    $600 18
Othello

Gerry
    $800 2
Sacramento

Matt
    $800 26
cranberries

Triple Stumper
    $800 11
Melvil Dewey

Matt
    $1,500 16
salt

Gerry
    $800 25
Junior Achievement

E.J.
    $800 19
Romeo

Matt
    $1000 3
Atlanta

E.J.
    $1000 27
crawdads (crayfish or crawfish)

Gerry
    $1000 12
Copernicus

Gerry
    $1000 17
virus

Matt
    $800 28
African National Congress

Gerry
    $1000 20
Richard III

Matt

Scores at the end of the Double Jeopardy! Round:

Gerry Matt E.J.
$9,400 $6,500 $5,200

[wagering suggestions for these scores]

Final Jeopardy! Round responses

POETS
E.J.Who was Longfellow???
$3,000
MattWho is Longfellow?
$3,901
GerryWho is Emerson?
$3,601
Longfellow

Final scores:

Gerry Matt E.J.
$5,799 $10,401 $8,200
3rd place: $5,000 Finalist 2nd place: $5,000

Game dynamics:

Coryat scores:

Gerry Matt E.J.
$8,900 $7,500 $5,200
22 R
(including 2 DDs),
2 W
18 R,
2 W
(including 1 DD)
16 R,
3 W

Combined Coryat: $21,600

The J! Archive is created by fans, for fans. Scraping, republication, monetization, and malicious use prohibited; this site may use cookies and collect identifying information. See terms. The Jeopardy! game show and all elements thereof, including but not limited to copyright and trademark thereto, are the property of Jeopardy Productions, Inc. and are protected under law. This website is not affiliated with, sponsored by, or operated by Jeopardy Productions, Inc. Join the discussion at JBoard.tv.